| 000 | 00810 a2200193 4500 | ||
|---|---|---|---|
| 001 | 137986 | ||
| 020 | _a9788547228729 | ||
| 040 | _cLeonardo Da Vinci | ||
| 041 | _aPortuguês | ||
| 082 |
_a346 N299c _bN299c |
||
| 100 | _aNEGRÃO, Theotonio | ||
| 245 |
_aCódigo Civil _be legislação civil em vigor |
||
| 250 | _a36. ed | ||
| 260 |
_bSaraiva _c2018 _aSão Paulo |
||
| 300 | _a2295 | ||
| 362 | _a20180000 | ||
| 697 |
_aDireito Civil _aLeis _aLegislação _aAlienação _aCondomínio _aDireito autoral _aDivórcio _aSeparação judicial _aDuplicata _aEscritura pública _aEstatuto _aLocação _aPenhor _aPrescrição _aDecadência _aPropriedade rural _aRegistro público _aResponsabilidade civil _aSeguro _aCrédito comercial _aCrédito industrial _aCrédito rural _aUnião estável _aUsucapião _aBrasil _aFIPEN |
||
| 942 | _cBK | ||
| 999 |
_c137986 _d137986 |
||